000 02229njm a2200385Ia 4500
001 66760
003 IT-RoPAU
005 20220918181120.0
008 131025s9999 xx 000 0 und d
040 _aIT-RoPAU
040 _cIT-RoPAU
041 _aITALIANO
999 _c99703
_d99703
999 _bn.d.
100 _aAA.VV.
_9794
100 _eAutore musica
_923785
100 _gCodice autore musica SPICS: 12000
_9796
245 _aCanzoni per parlare (Lp Ddd 460801 1)
250 _a1a ed.
260 _aITALIA
260 _bDDD - DROGUERIA DI DRUGOLO
_c1988 [1a Ed.:1988 - Ed. Lingua Orig.: 1988]
300 _aDISCO
300 _c39 minuti (Testo: 0 pag.)
500 _aMusica leggera. Canzone italiana. Arrangiamento di Fio Zanotti
505 _aLe notti di maggio (4:00) - I dubbi dell'amore (5:00) - I miei amici stanno al bar (4:00) - Fino a fermarmi (4:00) - La vita che vuoi (5:00) - Il tempo non torna più (5:00) - Non arrendersi (6:00) - La lettera che non scriverò mai (4:00) - Poverangelo (5:00)
650 _aCANZONE ITALIAN [DISCHI]
_eCodice MATERIA SPICS: 9950
_923786
700 _aMannoia Fiorella
_gCodice interprete SPICS: 14287
_eInterprete
_923787
700 _aFossati Ivano
_gCodice autore testo/musica SPICS: 10192
_eAutore testo/musica
_pLe notti di maggio
_923788
700 _aSchiavone Luigi
_gCodice autore musica SPICS: 16489
_eAutore musica
_pI dubbi dell'amore - La vita che vuoi
_923789
700 _aRuggeri Enrico
_gCodice autore testo/musica SPICS: 9765
_eAutore testo/musica
_pI dubbi dell'amore - I miei amici stanno al bar - La vita che vuoi - Il tempo non torna più - La lettera che non scriverò mai
_923790
700 _aCocciante Riccardo
_gCodice autore testo/musica SPICS: 10831
_eAutore testo/musica
_pI miei amici stanno al bar - La lettera che non scriverò mai
_923791
700 _aCellamare Rosalino (Ron)
_gCodice autore testo/musica SPICS: 14296
_eAutore testo/musica
_pFino a fermarmi - Non arrendersi
_923792
700 _aFabrizi Piero
_gCodice autore testo/musica SPICS: 23584
_eAutore testo/musica
_pLa vita che vuoi - Il tempo non torna più - Poverangelo
_923793
700 _aLuberti Marco
_gCodice autore musica SPICS: 23581
_eAutore musica
_pPoverangelo
_923794
942 _cMD
_2ddc